El amor en los tiempos del cólera / (Registro nro. 8799)
[ vista simple ]
| 000 -LIDER | |
|---|---|
| fixed length control field | 00739nam a22002537a 4500 |
| 001 - NÚMERO DE CONTROL | |
| Identificador de número de control | 0074 |
| 003 - IDENTIFICACDOR DE NÚMERO DE CONTROL | |
| control field | DO-SdBNP |
| 005 - DATE AND TIME OF LATEST TRANSACTION | |
| control field | 20161124100346.0 |
| 007 - CAMPOS FIJOS DE DESCRIPCIÓN FÍSICA | |
| fixed length control field | 0074 |
| 008 - ELEMENTOS DE LONGITUD FIJA | |
| fixed length control field | 151118b xxu 2003 xxu||||| |||| 00| 0 spa d |
| 020 ## - ISBN | |
| International Standard Book Number | 9781400034673 |
| 040 ## - FUENTE DE CATALOGACIÓN | |
| Agencia que crea de manera original el registro | BPMSU |
| Idioma de catalogación | spa |
| Agencia que realiza la transcripción | BPMSU |
| 082 ## - NÚMERO DE CLASIFICACIÓN DECIMAL DE DEWEY | |
| Classification number | C863.44 |
| Item number | G216a |
| 100 10 - ASIENTO PRINCIPAL -- NOMBRE PERSONAL | |
| Nombre personal | García Márquez, Gabriel, |
| Fechas asociadas con el nombre | 1927- |
| 245 13 - MENCIÓN DE TITULO | |
| Título | El amor en los tiempos del cólera / |
| Mención de responsabilidad | Gabriel García Márquez |
| 260 0# - PUBLICACIÓN, DISTRIBUCIÓN, ETC. (PIE DE IMPRENTA) | |
| Lugar de publicación, distribución, etc | New York : |
| Nombre del editor, distribuidor, etc. | Vintage Books, |
| Fecha de publicación, distribución, etc | 2003. |
| 300 ## - DESCRIPCIÓN FÍSICA | |
| Extensión | 461 p. : |
| Dimensiones | 20 cm. |
| 585 ## - NOTA DE PREMIOS | |
| Nota de premios | Ganador del Premio Nobel de Literatura |
| 650 #4 - ENCABEZAMIENTO DE MATERIA--TEMÁTICO | |
| Término temático o nombre geográfico como elemento de entrada | NOVELA COLOMBIANA |
| 650 #4 - ENCABEZAMIENTO DE MATERIA--TEMÁTICO | |
| Término temático o nombre geográfico como elemento de entrada | LITERATURA COLOMBIANA |
| 910 ## - VALIDACIÓN | |
| Validación | Validado. Control de calidad MFF |
| 942 ## - ADDED ENTRY ELEMENTS (KOHA) | |
| Source of classification or shelving scheme | Dewey Decimal Classification |
| Koha item type | Libros |
| 956 ## - LOCAL ELECTRONIC LOCATION AND ACCESS (OCLC) | |
| Nombre de host | Brenda Tavárez |
| Withdrawn status | Lost status | Source of classification or shelving scheme | Damaged status | Not for loan | Collection code | Home library | Current library | Date acquired | Source of acquisition | Total Checkouts | Full call number | Barcode | Date last seen | Price effective from | Koha item type |
|---|---|---|---|---|---|---|---|---|---|---|---|---|---|---|---|
| Dewey Decimal Classification | Colección General | Biblioteca Pública Metropolitana Salomé Ureña | Biblioteca Pública Metropolitana Salomé Ureña | 11/18/2015 | Donación | C863.44 G216a | BPMSU15110369 | 11/18/2015 | 11/18/2015 | Libros |